000 00629nam a22002057a 4500
999 _c17733
_d17733
003 AR-CdUCM
008 190509b ||||| |||| 00| 0 spa d
040 _aMUNICIPALIDAD PROVINCIAL DEL CUSCO
_cBIBLIOTECA MUNICIPAL DEL CUSCO
082 _22ed.
_a869.33 /
_bB85
100 _aBrunet, Marta
_937888
245 _aMontaña adentro :
_bnovela /
260 _aSantiago de Chile :
_bNascimento,
_c1933.
300 _a107 páginas ;
_c19 cm.
505 _aContenido: Novela.
650 _aNovelas chilenas
_92077
650 _aLiteratura chilena
_92985
650 _aSiglo XX
_98
942 _2ddc
_cLIBROS
945 _aachl
_d2019-05-09